| 000 | 00703cab a2200217 4500 | ||
|---|---|---|---|
| 001 | WB3241-18 | ||
| 008 | 090401t1996 xxu||||| |||| 00| 0 eng d | ||
| 035 | _a(Sirsi) u39828 | ||
| 041 | _aeng | ||
| 245 | _aOEICS consider property | ||
| 260 | _c1996 | ||
| 350 | _a0 | ||
| 490 |
_aEstates Gazette _v(9643) 26 October 1996, 69(1) |
||
| 520 | _aOpen-ended investment companies will be excluded from investing in property under new draft legislation issued by the Securities & Investments Board. | ||
| 650 | _aOPEN-ENDED INVESTMENT COMPANIES | ||
| 650 | _aPROPERTY UNIT TRUSTS | ||
| 650 | _aSECURITIES | ||
| 690 | _aPROPERTY-PROPERTY FINANCE AND INVESTMENT | ||
| 942 | _n0 | ||
| 948 | _c04/03/1997 | ||
| 999 |
_c25494 _d25494 |
||